Statistics for Heartland Characters

Click here to take the quiz!

General Stats

  • This quiz has been taken 37 times
  • The average score is 6 of 7

Answer Stats

HintAnswer% Correct
Horse WhispererAmy
100%
The Owner of heartland and the grandpaJack
100%
The father of the FlemmingsTim
97%
Amy's husband(former juvie person)Ty
97%
Business woman who travels to New YorkLou
94%
Foster childGeorgie
84%
Talkative Family FriendMalory
55%

Score Distribution

Percentile by Number Answered

Percent of People with Each Score

Your Score History

You have not taken this quiz